000 00544nam a22001937a 4500
003 KOHA_MİRAKIL
005 20251224154616.0
008 251224b tu ||||| |||| 00| 0 tur d
020 _a9786257030984
040 _aTR-AnABB
_btur
_cTR-AnABB
041 _atur
082 _a123.5
_bKAV 2022
100 1 _aÖztürk, Armağan,
245 1 0 _aKavramlar tarihi özgürlük /
_cArmağan Öztürk
260 _aİstanbul :
_bDoğu Batı Yayınları,
_c2022
300 _a684 sayfa ;
_c24 cm
650 0 4 _aÖzgürlük
942 _2ddc
_cBK
999 _c9953
_d9953
900 _bGizem YORULMAZ